| 000 | 00373nam a22001337a 4500 | ||
|---|---|---|---|
| 020 | _a9780130895684 | ||
| 040 | _cNust | ||
| 082 |
_a629.892 _bMAR |
||
| 100 |
_aMartin, . G Fred _9123959 |
||
| 245 |
_aRobotic Exploration, _bA Hands on Introduction to Engineering |
||
| 260 |
_aNew Jersey: _bTom Robbins, _c2001. |
||
| 650 |
_aRobotic Exploration _9123960 |
||
| 942 |
_2ddc _cBK |
||
| 999 |
_c609955 _d609955 |
||